|
|
|
|
| LEADER |
00682nam a2200217Ia 4500 |
| 008 |
240829s9999 xx 000 0 und d |
| 020 |
|
|
|a 84-7114-852-8
|
| 040 |
|
|
|a BIBLIOTECA-RUPAP 658.562 M183
|
| 041 |
|
|
|a spa
|
| 082 |
|
|
|a 658.562 M183
|
| 100 |
1 |
|
|a Madrid Vicente, A
|
| 245 |
1 |
0 |
|a Normas de calidad de alimentos y bebidas
|
| 260 |
|
|
|a Madrid, España
|b Mundi Prensa
|c 2000
|
| 300 |
|
|
|a 540 p. :il.
|
| 650 |
7 |
|
|a CONTROL DE CALIDAD NORMAS - ALIMENTOS Y BEBIDAS
|
| 650 |
7 |
|
|b CONTROL DE CALIDAD
|
| 650 |
7 |
|
|c NORMAS CARNE, LECHE, PESCADO
|
| 650 |
7 |
|
|d NORMAS DE CALIDAD, ACEITES GRASAS. I. Madrid Cerzano, J, coaut. II. Tít.
|
| 942 |
|
|
|c BK
|2 ddc
|
| 991 |
|
|
|a TEXTO
|
| 999 |
|
|
|c 9985
|